[Event "TCh-RUS Premier 2022"]
[Site "Sochi RUS"]
[Date "2022.05.08"]
[Round "6.1"]
[Board "3"]
[White "Petrov, Nikita"]
[Black "Tsydypov, Zhamsaran"]
[Result "1/2-1/2"]
[WhiteTitle "GM"]
[BlackTitle "GM"]
[WhiteElo "2560"]
[BlackElo "2533"]
[WhiteTeam "Shkola im. M.M.Botvinnika (g. Moskva)"]
[BlackTeam "Ladya (Respublika Tatarstan)"]
[WhiteFideId "4101286"]
[BlackFideId "4108566"]
[EventDate "2022.05.01"]

1. Nf3 Nf6 2. c4 g6 3. g3 Bg7 4. Bg2 O-O 5. d4 d6 6. Nc3 Nbd7 7. O-O e5 8. e4
Re8 9. Re1 exd4 10. Nxd4 c6 11. h3 Qb6 12. Nc2 Ne5 13. b3 Nfd7 14. Be3 Qa5 15.
Ne2 Nf6 16. Bd2 1/2-1/2

[Event "TCh-RUS Premier 2022"]
[Site "Sochi RUS"]
[Date "2022.05.08"]
[Round "6.1"]
[Board "4"]
[White "Faizrakhmanov, Ramil"]
[Black "Sviridov, Valery"]
[Result "1/2-1/2"]
[WhiteTitle "IM"]
[WhiteElo "2480"]
[BlackElo "2569"]
[WhiteTeam "Ladya (Respublika Tatarstan)"]
[BlackTeam "Shkola im. M.M.Botvinnika (g. Moskva)"]
[WhiteFideId "24103209"]
[BlackFideId "4120680"]
[EventDate "2022.05.01"]

1. d4 d5 2. c4 c6 3. Nc3 Nf6 4. e3 Bf5 5. cxd5 cxd5 6. Qb3 Nc6 7. Qxb7 Bd7 8.
Qb3 Rb8 9. Qd1 e5 10. Nf3 Bd6 11. dxe5 Nxe5 12. Nd4 O-O 13. Be2 Qe7 14. O-O Rfc8
15. a4 Rb6 16. a5 Rbb8 17. Ncb5 Bc5 18. Na3 Bd6 19. Nab5 Bc5 20. Na3 Bd6 1/2-1/2

[Event "TCh-RUS Premier 2022"]
[Site "Sochi RUS"]
[Date "2022.05.08"]
[Round "6.1"]
[Board "5"]
[White "Makarian, Rudik"]
[Black "Hasangatin, Ramil"]
[Result "1-0"]
[WhiteTitle "IM"]
[BlackTitle "GM"]
[WhiteElo "2523"]
[BlackElo "2479"]
[WhiteTeam "Shkola im. M.M.Botvinnika (g. Moskva)"]
[BlackTeam "Ladya (Respublika Tatarstan)"]
[WhiteFideId "44105681"]
[BlackFideId "4122160"]
[EventDate "2022.05.01"]

1. d4 d5 2. c4 c6 3. Nf3 Nf6 4. Nc3 dxc4 5. a4 Bf5 6. Ne5 Nbd7 7. Nxc4 Nb6 8.
Ne5 a5 9. h3 h6 10. f3 e6 11. e4 Bh7 12. Be3 Nfd7 13. Nxd7 Nxd7 14. Bc4 Bb4 15.
O-O O-O 16. Qe2 Qe7 17. Rad1 Kh8 18. Bf2 Rad8 19. Kh1 e5 20. d5 f5 21. exf5 Bxf5
22. dxc6 bxc6 23. Ne4 Nc5 24. Bxc5 Bxc5 25. Bd3 Bd4 26. Ng3 Bxd3 27. Rxd3 c5 28.
b3 Qf7 29. Qc2 Rb8 30. Ne4 Rb4 31. Re1 Qc7 32. Nd2 Rfb8 33. Nc4 Kg8 34. Nd2 Kh8
35. Rc1 Qf7 36. Qd1 Qf4 37. Rc4 Rxc4 38. Nxc4 e4 39. fxe4 Qxe4 40. Rf3 Ra8 41.
Qd3 Qxd3 42. Rxd3 Kg8 43. g4 Kf7 44. Kg2 Ke6 45. Kf3 Ra7 46. Ke4 Ra8 47. Rf3 g6
48. Rd3 Ra7 49. Rd1 Ra8 50. Rd2 Rb8 51. Rd3 Ra8 52. Rd1 Ra7 53. Rd2 Ra6 54. Re2
Ra8 55. Kd3+ Kf6 56. h4 Bg1 57. Re1 Bd4 58. Nb6 Rd8 59. Kc4 Kg7 60. Re7+ Kg8 61.
Nd5 Bf2 62. h5 Bh4 63. Re6 gxh5 64. Rxh6 Re8 65. gxh5 Kf7 66. Rh7+ Kg8 67. Rb7
Re5 68. h6 Bg5 69. h7+ Kh8 70. Kxc5 Be7+ 71. Kd4 Bf6 72. Rf7 1-0

[Event "TCh-RUS Premier 2022"]
[Site "Sochi RUS"]
[Date "2022.05.08"]
[Round "6.1"]
[Board "6"]
[White "Gaifullin, Artur"]
[Black "Zakhartsov, Vladimir"]
[Result "1/2-1/2"]
[WhiteTitle "FM"]
[BlackTitle "GM"]
[WhiteElo "2445"]
[BlackElo "2487"]
[WhiteTeam "Ladya (Respublika Tatarstan)"]
[BlackTeam "Shkola im. M.M.Botvinnika (g. Moskva)"]
[WhiteFideId "24168653"]
[BlackFideId "4145097"]
[EventDate "2022.05.01"]

1. d4 Nf6 2. Nf3 d5 3. g3 Bf5 4. Bg2 e6 5. O-O Be7 6. c4 c6 7. Nc3 a5 8. Qb3 Ra7
9. Nh4 Bg4 10. h3 Bh5 11. cxd5 Nxd5 12. Nf3 Nd7 13. e4 Nxc3 14. bxc3 a4 15. Qc2
Bxf3 16. Bxf3 Bg5 17. Rb1 Bxc1 18. Rfxc1 e5 19. Rb4 Qa8 20. Bg4 Nf6 21. dxe5
Nxg4 22. hxg4 O-O 23. Rd1 Qc8 24. Qe2 b5 25. c4 bxc4 26. Rxc4 Ra5 27. f4 Qa6 28.
Rc2 Qb6+ 29. Qf2 Qb4 30. Qd4 c5 31. Qd5 Qb6 32. Qd6 Qb4 33. Qd5 Qb6 34. Kg2 h6
35. Qc4 a3 36. Rd6 Qb8 37. Rcd2 Rb5 38. e6 fxe6 39. Qxe6+ Kh8 40. Qe5 Kg8 41. g5
hxg5 42. Qe6+ Kh8 43. fxg5 Qc8 44. Rd7 Qe8 45. Qxe8 Rxe8 46. g6 Kg8 47. Kf3 Rb6
48. R2d6 Rb2 49. Re6 Rf8+ 50. Kg4 Rxa2 51. Ree7 Rh2 52. Rxg7+ Kh8 53. Rh7+ Rxh7
54. Rxh7+ Kg8 55. Ra7 Re8 56. Kf4 Rf8+ 57. Ke3 Rf6 58. Rxa3 Rxg6 59. Kf4 Rc6 60.
Ke5 Kf7 61. Kd5 Rc8 62. Rc3 Rd8+ 63. Ke5 Re8+ 64. Kf5 Rc8 65. Rc4 Ke7 66. Ke5
Rg8 67. Rc3 Rc8 68. g4 c4 69. Kd4 Rd8+ 70. Ke5 Rc8 71. g5 Rc5+ 72. Kf4 Ke6 73.
g6 Kf6 74. Ke3 Kxg6 75. Kd4 Ra5 76. Rxc4 Kf6 77. Rc6+ Ke7 78. e5 Ra1 79. Rc4 Ke6
80. Rc6+ Ke7 81. Rh6 Rd1+ 1/2-1/2

[Event "TCh-RUS Premier 2022"]
[Site "Sochi RUS"]
[Date "2022.05.08"]
[Round "6.2"]
[Board "1"]
[White "Grischuk, Alexander"]
[Black "Tomashevsky, Evgeny"]
[Result "1/2-1/2"]
[WhiteTitle "GM"]
[BlackTitle "GM"]
[WhiteElo "2742"]
[BlackElo "2708"]
[WhiteTeam "Sportivnyy klub KPRF (g. Moskva)"]
[BlackTeam "Gogolevskiy, 14 (g. Moskva)"]
[WhiteFideId "4126025"]
[BlackFideId "4147235"]
[EventDate "2022.05.01"]

1. d4 Nf6 2. c4 e6 3. Nf3 d5 4. Nc3 c5 5. e3 Nc6 6. cxd5 exd5 7. Be2 cxd4 8.
exd4 Bb4 9. O-O O-O 10. Bg5 Bxc3 11. bxc3 Qd6 12. Nd2 Bf5 13. Bxf6 Qxf6 14. Re1
Qd6 15. Nf1 b6 16. Ng3 Bd7 17. Bd3 Rae8 18. Qh5 h6 19. h4 Re7 20. Rxe7 Nxe7 21.
Re1 Ng6 22. Nf5 Bxf5 23. Qxf5 Rd8 24. h5 Nf8 25. Bc2 Qd7 26. Qd3 Re8 27. Rxe8
Qxe8 28. Qf3 Nh7 29. Qxd5 Qe1+ 30. Kh2 Qxf2 31. Bxh7+ Kxh7 32. Qe5 f6 33. Qg3
Qxa2 34. Qd3+ Kg8 35. d5 Qa4 36. d6 1/2-1/2

[Event "TCh-RUS Premier 2022"]
[Site "Sochi RUS"]
[Date "2022.05.08"]
[Round "6.2"]
[Board "2"]
[White "Goryachkina, Aleksandra"]
[Black "Potkin, Vladimir"]
[Result "1/2-1/2"]
[WhiteTitle "GM"]
[BlackTitle "GM"]
[WhiteElo "2610"]
[BlackElo "2571"]
[WhiteTeam "Gogolevskiy, 14 (g. Moskva)"]
[BlackTeam "Sportivnyy klub KPRF (g. Moskva)"]
[WhiteFideId "4147103"]
[BlackFideId "4131061"]
[EventDate "2022.05.01"]

1. d4 Nf6 2. c4 g6 3. Nc3 d5 4. cxd5 Nxd5 5. Bd2 Bg7 6. e4 Nxc3 7. Bxc3 O-O 8.
Qd2 c5 9. d5 e6 10. Bc4 Bxc3 11. bxc3 b5 12. Bxb5 exd5 13. exd5 a6 14. Be2 Nd7
15. Nf3 Nf6 16. O-O Qxd5 17. Rfd1 Qxd2 18. Nxd2 Be6 19. Nb3 Rfc8 20. Na5 Rd8 21.
Rxd8+ Rxd8 22. Nb7 Rd2 23. Bxa6 Bxa2 24. Nxc5 Rc2 25. Nd3 Nd5 26. Nb4 Nxb4 27.
cxb4 Rb2 28. Bd3 Kf8 29. f3 Rd2 30. Bf1 Rb2 31. b5 Ke7 32. h4 Be6 33. Kh2 h6 34.
Ra7+ Kd6 35. Rb7 Bd5 36. Rb6+ Kc5 37. Rf6 Kd4 38. Kg3 Rb1 39. Kf2 Rb2+ 40. Kg3
Rb1 41. Kf2 Rb2+ 42. Kg3 Ke5 1/2-1/2

[Event "TCh-RUS Premier 2022"]
[Site "Sochi RUS"]
[Date "2022.05.08"]
[Round "6.2"]
[Board "3"]
[White "Dreev, Aleksey"]
[Black "Kobalia, Mikhail"]
[Result "1/2-1/2"]
[WhiteTitle "GM"]
[BlackTitle "GM"]
[WhiteElo "2623"]
[BlackElo "2596"]
[WhiteTeam "Sportivnyy klub KPRF (g. Moskva)"]
[BlackTeam "Gogolevskiy, 14 (g. Moskva)"]
[WhiteFideId "4100107"]
[BlackFideId "4119150"]
[EventDate "2022.05.01"]

1. d4 Nf6 2. c4 e6 3. Nc3 d5 4. cxd5 exd5 5. Bg5 c6 6. e3 h6 7. Bh4 Be7 8. Bd3
O-O 9. Nge2 Re8 10. O-O Nbd7 11. Qc2 a5 12. Bg3 Nf8 13. f3 Ne6 14. Rad1 b5 15.
Kh1 Ba6 16. Bf2 Qb8 17. Bf5 Bf8 18. Rfe1 Qb7 19. Qd2 Rad8 20. Bh4 Be7 21. Bg3
Bf8 22. Bh4 Be7 23. Bg3 Bf8 24. Ng1 1/2-1/2

[Event "TCh-RUS Premier 2022"]
[Site "Sochi RUS"]
[Date "2022.05.08"]
[Round "6.2"]
[Board "4"]
[White "Murzin, Volodar"]
[Black "Zvjaginsev, Vadim"]
[Result "1/2-1/2"]
[WhiteTitle "IM"]
[BlackTitle "GM"]
[WhiteElo "2542"]
[BlackElo "2599"]
[WhiteTeam "Gogolevskiy, 14 (g. Moskva)"]
[BlackTeam "Sportivnyy klub KPRF (g. Moskva)"]
[WhiteFideId "44155573"]
[BlackFideId "4113403"]
[EventDate "2022.05.01"]

1. e4 c5 2. Nf3 Nc6 3. Bb5 Nf6 4. Bxc6 dxc6 5. d3 Bg4 6. Nbd2 Nd7 7. h3 Bh5 8.
Nc4 f6 9. a4 e5 10. g4 Bf7 11. h4 Bxc4 12. dxc4 Be7 13. h5 Nf8 14. Qe2 Ne6 15.
c3 Qd7 16. Bd2 O-O-O 17. O-O-O Qd3 18. Qxd3 Rxd3 19. Be3 Rxd1+ 20. Kxd1 Rd8+ 21.
Ke2 h6 22. Nh4 Rd7 23. Ng6 Bd6 24. Nh4 a5 25. Nf5 Bc7 26. Rb1 Bb8 27. b3 Bc7 28.
Nh4 Bb8 29. Nf3 Bc7 30. Ne1 Bb8 31. Nd3 Bd6 32. Kd2 Rd8 33. Kc2 Be7 34. Ne1 Bd6
35. Ng2 Rd7 36. Nh4 Bc7 37. Nf5 Bb8 38. Rd1 Bc7 39. Rb1 1/2-1/2

[Event "TCh-RUS Premier 2022"]
[Site "Sochi RUS"]
[Date "2022.05.08"]
[Round "6.2"]
[Board "5"]
[White "Alekseev, Evgeny"]
[Black "Khegay, Dmitriy"]
[Result "1-0"]
[WhiteTitle "GM"]
[BlackTitle "GM"]
[WhiteElo "2591"]
[BlackElo "2523"]
[WhiteTeam "Sportivnyy klub KPRF (g. Moskva)"]
[BlackTeam "Gogolevskiy, 14 (g. Moskva)"]
[WhiteFideId "4138147"]
[BlackFideId "24153729"]
[EventDate "2022.05.01"]

1. Nf3 d5 2. e3 c5 3. b3 Nc6 4. Bb2 a6 5. d4 Nf6 6. dxc5 e6 7. c4 Bxc5 8. cxd5
exd5 9. Be2 O-O 10. O-O Bg4 11. Nc3 Ba7 12. h3 Bf5 13. Bd3 Be4 14. Nxe4 Nxe4 15.
Rc1 Re8 16. Re1 Re6 17. Bb1 Qd6 18. Nd4 Bxd4 19. Bxd4 Rg6 20. Re2 Rh6 21. Bb2
Qe6 22. Bxe4 dxe4 23. Rd2 Re8 24. Rd7 Rg6 25. Qd5 Qxd5 26. Rxd5 Rge6 27. a3 f6
28. g4 Kf7 29. Kg2 Rd8 30. Rcd1 Rxd5 31. Rxd5 Re8 32. Rc5 Rd8 33. Rc2 Rd3 34. b4
g6 35. Kg3 Ke6 36. Rc4 f5 37. Rc5 Rb3 38. Rc2 Ne7 39. Kh4 h6 40. Bg7 Rxa3 41.
Bxh6 Rb3 42. Bf8 Nc6 43. Kg5 Rb1 44. Rd2 fxg4 45. hxg4 Kf7 46. Bc5 b6 47. Bxb6
Rxb4 48. Bc7 Ne7 49. Bg3 a5 50. Rd7 Ke6 51. Rd6+ Kf7 52. Rf6+ Ke8 53. Ra6 Rb5+
54. Kf6 Nd5+ 55. Kxg6 Rb6+ 56. Rxb6 Nxb6 57. g5 a4 58. Kh7 Nd7 59. g6 a3 60. g7
Nf6+ 61. Kg6 Ng8 62. Kf5 Kf7 63. Be5 Nh6+ 64. Kf4 a2 65. Ba1 Ng8 66. Kxe4 Ne7
67. f4 Nc6 68. Kd3 Nb4+ 69. Kd2 Nd5 70. f5 Nc7 71. e4 Ne8 72. f6 1-0

[Event "TCh-RUS Premier 2022"]
[Site "Sochi RUS"]
[Date "2022.05.08"]
[Round "6.2"]
[Board "6"]
[White "Nikitenko, Mihail"]
[Black "Sychev, Klementy"]
[Result "1-0"]
[WhiteTitle "IM"]
[BlackTitle "GM"]
[WhiteElo "2479"]
[BlackElo "2537"]
[WhiteTeam "Gogolevskiy, 14 (g. Moskva)"]
[BlackTeam "Sportivnyy klub KPRF (g. Moskva)"]
[WhiteFideId "13506862"]
[BlackFideId "4114060"]
[EventDate "2022.05.01"]

1. e4 c5 2. Nf3 d6 3. d4 cxd4 4. Nxd4 Nf6 5. Nc3 a6 6. Nb3 e6 7. g4 b5 8. Bg2
Bb7 9. g5 Nfd7 10. Be3 Nc6 11. Qe2 Nce5 12. a3 Be7 13. O-O-O Nc4 14. f4 Rc8 15.
Rd3 Nxe3 16. Qxe3 Ne5 17. Rdd1 Nc4 18. Qh3 O-O 19. Kb1 e5 20. fxe5 Nxe5 21. Nd4
Bxg5 22. Nf5 Rc6 23. Qg3 Bf6 24. Nd5 Nc4 25. Nde7+ Kh8 26. Nxc6 Bxc6 27. Nxd6
Qb6 28. Rhf1 Ne5 29. Rxf6 gxf6 30. Qh4 Nd7 31. Bh3 Rg8 32. Bxd7 1-0

[Event "TCh-RUS Premier 2022"]
[Site "Sochi RUS"]
[Date "2022.05.08"]
[Round "6.3"]
[Board "1"]
[White "Shubin, Kirill"]
[Black "Paravyan, David"]
[Result "1/2-1/2"]
[WhiteTitle "IM"]
[BlackTitle "GM"]
[WhiteElo "2472"]
[BlackElo "2617"]
[WhiteTeam "SShOR po shakhmatam i shashkam (g. Sankt-Pete"]
[BlackTeam "Yuzhnyy Ural - 1 (Chelyabinskaya oblast)"]
[WhiteFideId "34119962"]
[BlackFideId "4194985"]
[EventDate "2022.05.01"]

1. e4 e5 2. Nf3 Nc6 3. Bb5 a6 4. Ba4 Nge7 5. c3 f6 6. d4 d5 7. exd5 Qxd5 8. dxe5
Bg4 9. Qxd5 Nxd5 10. Nd4 b5 11. Nxc6 bxa4 12. c4 Nb6 13. O-O Kd7 14. Na5 Bb4 15.
Bd2 Bxa5 16. Bxa5 Nxc4 17. Bc3 Nxe5 18. Bxe5 fxe5 19. Nc3 a3 20. b3 Bf5 21. Rfe1
Rhe8 22. Rac1 c6 23. f3 Rad8 24. Re2 Kc7 25. Rce1 Bd3 26. Re3 Bg6 27. R3e2 Bd3
28. Re3 Bg6 29. R3e2 1/2-1/2

[Event "TCh-RUS Premier 2022"]
[Site "Sochi RUS"]
[Date "2022.05.08"]
[Round "6.3"]
[Board "2"]
[White "Lysyj, Igor"]
[Black "Usmanov, Vasily"]
[Result "1/2-1/2"]
[WhiteTitle "GM"]
[BlackTitle "IM"]
[WhiteElo "2603"]
[BlackElo "2447"]
[WhiteTeam "Yuzhnyy Ural - 1 (Chelyabinskaya oblast)"]
[BlackTeam "SShOR po shakhmatam i shashkam (g. Sankt-Pete"]
[WhiteFideId "4150120"]
[BlackFideId "4135741"]
[EventDate "2022.05.01"]

1. d4 d5 2. c4 dxc4 3. Nf3 Nf6 4. e3 Bg4 5. Bxc4 e6 6. Nc3 a6 7. h3 Bh5 8. O-O
Nc6 9. Re1 Nd7 10. Be2 Bd6 11. e4 O-O 12. Bg5 Qe8 13. d5 Nce5 14. Nd4 Bxe2 15.
Qxe2 Ng6 16. Rad1 e5 17. Nf5 f6 18. Be3 Ne7 19. Rc1 Rd8 20. Qg4 Qg6 21. Qf3 Qf7
22. Red1 Rfe8 23. g4 Nxf5 24. gxf5 Kh8 25. Ne2 Rg8 26. Kh1 Nb6 27. Ng3 Nc8 28.
b3 Ne7 29. Rg1 1/2-1/2

[Event "TCh-RUS Premier 2022"]
[Site "Sochi RUS"]
[Date "2022.05.08"]
[Round "6.3"]
[Board "3"]
[White "Pershin, Denis"]
[Black "Drygalov, Sergey"]
[Result "1/2-1/2"]
[WhiteTitle "IM"]
[BlackTitle "IM"]
[WhiteElo "2397"]
[BlackElo "2546"]
[WhiteTeam "SShOR po shakhmatam i shashkam (g. Sankt-Pete"]
[BlackTeam "Yuzhnyy Ural - 1 (Chelyabinskaya oblast)"]
[WhiteFideId "24165506"]
[BlackFideId "24171743"]
[EventDate "2022.05.01"]

1. d4 d5 2. c4 c6 3. Nc3 Nf6 4. Nf3 e6 5. e3 Nbd7 6. Qc2 Bd6 7. Bd3 dxc4 8. Bxc4
b5 9. Be2 O-O 10. O-O Bb7 11. Rd1 Qc7 12. Bd2 a5 13. Rac1 Rac8 14. Ne4 Nxe4 15.
Qxe4 Qd8 16. Bd3 g6 17. a3 Re8 18. Be2 Ba8 19. Qb1 b4 20. axb4 axb4 21. e4 Qb6
22. Be3 Qb8 23. e5 Be7 24. Qe4 c5 25. Qf4 cxd4 26. Bxd4 Qb7 27. Bf1 Rf8 28. h4
Qe4 29. Qg3 Rxc1 30. Rxc1 h5 31. Bb5 Nb8 32. Rc7 Bd8 33. Rc4 Be7 34. Rc7 Bd8 35.
Rc4 Be7 36. Rc7 1/2-1/2

[Event "TCh-RUS Premier 2022"]
[Site "Sochi RUS"]
[Date "2022.05.08"]
[Round "6.3"]
[Board "4"]
[White "Drygalov, Andrey"]
[Black "Timerkhanov, Alexander"]
[Result "1/2-1/2"]
[WhiteTitle "GM"]
[BlackTitle "FM"]
[WhiteElo "2510"]
[BlackElo "2392"]
[WhiteTeam "Yuzhnyy Ural - 1 (Chelyabinskaya oblast)"]
[BlackTeam "SShOR po shakhmatam i shashkam (g. Sankt-Pete"]
[WhiteFideId "24171735"]
[BlackFideId "24177938"]
[EventDate "2022.05.01"]

1. e4 c5 2. Nf3 d6 3. d4 cxd4 4. Nxd4 Nf6 5. Nc3 a6 6. Be3 e5 7. Nb3 Be6 8. f3
Be7 9. Qd2 Nbd7 10. O-O-O b5 11. g4 Nb6 12. g5 Nfd7 13. Na5 Qc7 14. Nd5 Bxd5 15.
exd5 Rc8 16. Kb1 Nxd5 17. Qxd5 Qxa5 18. c4 O-O 19. cxb5 axb5 20. Qxb5 Qc7 21.
Bd3 Nc5 22. Bxc5 dxc5 23. Bf5 Rb8 24. Rd7 Rxb5 25. Rxc7 Bxg5 26. Rd1 g6 27. Bd3
Rd8 28. Kc2 Rb4 29. Rxc5 Rh4 30. Rxe5 Rxh2+ 31. Re2 Rxe2+ 32. Bxe2 Rxd1 1/2-1/2

[Event "TCh-RUS Premier 2022"]
[Site "Sochi RUS"]
[Date "2022.05.08"]
[Round "6.3"]
[Board "5"]
[White "Saveliev, Alexei"]
[Black "Gutenev, Alexander"]
[Result "1/2-1/2"]
[WhiteTitle "IM"]
[BlackTitle "IM"]
[WhiteElo "2386"]
[BlackElo "2457"]
[WhiteTeam "SShOR po shakhmatam i shashkam (g. Sankt-Pete"]
[BlackTeam "Yuzhnyy Ural - 1 (Chelyabinskaya oblast)"]
[WhiteFideId "24128546"]
[BlackFideId "4195540"]
[EventDate "2022.05.01"]

1. e4 c5 2. Nf3 Nc6 3. Nc3 e6 4. d4 cxd4 5. Nxd4 Nf6 6. a3 d5 7. Bb5 Bd7 8. exd5
exd5 9. Nf3 Be6 10. O-O Be7 11. Re1 O-O 12. h3 Rc8 13. Bd3 Re8 14. Bg5 h6 15.
Be3 Nd7 16. Nd4 Bf6 17. Nce2 Nde5 18. Rc1 Nc4 19. Bxc4 dxc4 20. Nxc6 Rxc6 21. c3
Rd6 22. Qc2 Qa5 23. Rcd1 Bf5 24. Qc1 Rxd1 25. Rxd1 Be4 26. Re1 a6 27. Bd4 Bg5
28. Qd1 Re6 29. f3 Bd3 30. Bf2 Qb5 31. Nd4 Rxe1+ 32. Qxe1 Qxb2 33. h4 Bf4 34. g3
Bd6 35. Qe8+ Kh7 36. Qxf7 Qc1+ 37. Kh2 Qf1 38. Bg1 Bxg3+ 39. Kxg3 Qxg1+ 40. Kf4
Qh2+ 41. Ke3 Qg1+ 42. Kf4 Qc1+ 43. Kg3 Qe1+ 44. Kg4 Qxc3 45. Ne6 Qe5 46. h5 c3
47. Nf8+ Kh8 48. Ng6+ Bxg6 49. hxg6 Qg5+ 50. Kh3 Qd8 51. Qxb7 Qe8 52. Qc7 Qe6+
53. Kh2 Qxg6 54. Qxc3 h5 55. Qd4 Kh7 56. a4 Qf5 57. Kg3 Kh6 58. Qc4 Qe5+ 59. Kg2
Qd6 60. Qc1+ g5 61. Qc3 Qe6 62. a5 h4 63. Qb2 Kh5 64. Qh8+ Kg6 65. Qb2 Qc4 66.
Qe5 Qc2+ 67. Kg1 Qf5 68. Qe8+ Qf7 69. Qc6+ Kh5 70. Qe4 Qd7 71. Kg2 Kh6 72. Qb4
Kg7 73. Qc3+ Kf7 74. Qe5 Qe7 75. Qd5+ Kf6 76. Qc6+ Qe6 77. Qb6 Kf5 78. Qb1+ Ke5
79. Qb2+ Kf5 80. Qb1+ Kf6 81. Qb6 Kf7 82. Qb7+ Kg6 83. Qb6 Kf6 84. Qd8+ Kf5 85.
Qd3+ Ke5 86. Qe3+ Kf6 1/2-1/2

[Event "TCh-RUS Premier 2022"]
[Site "Sochi RUS"]
[Date "2022.05.08"]
[Round "6.3"]
[Board "6"]
[White "Remizov, Yaroslav"]
[Black "Vlasenko, Miroslav"]
[Result "0-1"]
[WhiteTitle "IM"]
[BlackTitle "IM"]
[WhiteElo "2395"]
[BlackElo "2403"]
[WhiteTeam "Yuzhnyy Ural - 1 (Chelyabinskaya oblast)"]
[BlackTeam "SShOR po shakhmatam i shashkam (g. Sankt-Pete"]
[WhiteFideId "34134015"]
[BlackFideId "4151887"]
[EventDate "2022.05.01"]

1. e4 c5 2. Nf3 Nf6 3. e5 Nd5 4. Nc3 Nxc3 5. dxc3 Nc6 6. Bd3 d5 7. exd6 Qxd6 8.
Qe2 Bg4 9. h3 Bh5 10. Be3 e6 11. O-O-O Qc7 12. g4 Bg6 13. Bxg6 hxg6 14. Qc4 Qa5
15. h4 Rd8 16. Bg5 Be7 17. Bxe7 Rxd1+ 18. Rxd1 Kxe7 19. Ng5 Rd8 20. Re1 Rd6 21.
a3 Nd8 22. h5 gxh5 23. gxh5 Rd4 24. Qe2 Rd5 25. Qg4 Qc7 26. f4 b5 27. Nh7 Kd7
28. h6 gxh6 29. Nf6+ Kc6 30. Nxd5 exd5 31. Rh1 Qd6 32. Qh4 Ne6 33. f5 Ng7 34. f6
Nf5 35. Qg4 Ng3 36. Rxh6 Qe5 37. Rh2 Qe3+ 38. Rd2 Ne4 39. Qc8+ Kd6 40. Qd8+ Ke6
41. Qc8+ Kxf6 42. Qh8+ Kf5 43. Qc8+ Kf4 44. Qc7+ Kg5 45. Qd8+ f6 46. Qxd5+ Kh4
47. b4 Qxd2+ 48. Qxd2 Nxd2 49. bxc5 Nc4 50. c6 f5 51. c7 Nd6 52. Kd2 Kg3 53. Kd3
f4 54. Kd4 f3 55. Kc5 Nc8 56. Kc6 f2 57. Kb7 Ne7 58. c8=N Nxc8 0-1

[Event "TCh-RUS Premier 2022"]
[Site "Sochi RUS"]
[Date "2022.05.08"]
[Round "6.4"]
[Board "1"]
[White "Najer, Evgeniy"]
[Black "Esipenko, Andrey"]
[Result "1-0"]
[WhiteTitle "GM"]
[BlackTitle "GM"]
[WhiteElo "2659"]
[BlackElo "2709"]
[WhiteTeam "Shakhmatnaya sbornaya Moskvy"]
[BlackTeam "Mednyy vsadnik (g. Sankt-Peterburg)"]
[WhiteFideId "4118987"]
[BlackFideId "24175439"]
[EventDate "2022.05.01"]

1. e4 e5 2. Nf3 Nc6 3. Bb5 Nf6 4. O-O Nxe4 5. d4 Nd6 6. dxe5 Nxb5 7. a4 Nbd4 8.
Nxd4 d5 9. c3 Be7 10. f4 O-O 11. Be3 f6 12. Nxc6 bxc6 13. Nd2 fxe5 14. fxe5
Rxf1+ 15. Qxf1 Qf8 16. Qxf8+ Kxf8 17. b4 a5 18. bxa5 c5 19. Nb3 c4 20. Nd4 Rxa5
21. Rb1 Ra8 22. Nb5 Kf7 23. Nxc7 Ra5 24. Ra1 Bd8 25. Bb6 Bxc7 26. Bxc7 Ra7 27.
Bb6 Ra6 28. a5 Ke6 29. Rf1 d4 30. cxd4 Ra8 31. Kf2 Kd5 32. Ke3 Be6 33. Kd2 Kc6
34. Kc3 Kb5 35. Rb1+ Kc6 36. Bc5 Ra6 37. Rb8 Bd5 38. Bb6 1-0

[Event "TCh-RUS Premier 2022"]
[Site "Sochi RUS"]
[Date "2022.05.08"]
[Round "6.4"]
[Board "2"]
[White "Matlakov, Maxim"]
[Black "Riazantsev, Alexander"]
[Result "1/2-1/2"]
[WhiteTitle "GM"]
[BlackTitle "GM"]
[WhiteElo "2674"]
[BlackElo "2634"]
[WhiteTeam "Mednyy vsadnik (g. Sankt-Peterburg)"]
[BlackTeam "Shakhmatnaya sbornaya Moskvy"]
[WhiteFideId "4168003"]
[BlackFideId "4125029"]
[EventDate "2022.05.01"]

1. e4 c5 2. Nf3 Nc6 3. d4 cxd4 4. Nxd4 Nf6 5. Nc3 e6 6. g3 d5 7. Bg2 dxe4 8.
Nxc6 Qxd1+ 9. Kxd1 bxc6 10. Nxe4 Nxe4 11. Bxe4 Bb7 12. Be3 O-O-O+ 13. Ke2 c5 14.
Bxb7+ Kxb7 15. Rad1 Be7 16. Rd3 Rxd3 17. cxd3 Rd8 18. Rc1 Rd5 19. Rc4 h5 20. h3
a6 21. g4 Bd6 22. b3 Kb8 23. Kd2 Kb7 24. Kc2 g6 25. Kd2 a5 26. Ke2 Ka6 27. d4
cxd4 28. Bxd4 Kb7 29. Bc3 Bc7 30. Bf6 Be5 31. Bxe5 Rxe5+ 32. Kd3 hxg4 33. hxg4
f5 34. g5 Re1 35. Rh4 Rg1 1/2-1/2

[Event "TCh-RUS Premier 2022"]
[Site "Sochi RUS"]
[Date "2022.05.08"]
[Round "6.4"]
[Board "3"]
[White "Inarkiev, Ernesto"]
[Black "Sakaev, Konstantin"]
[Result "1/2-1/2"]
[WhiteTitle "GM"]
[BlackTitle "GM"]
[WhiteElo "2659"]
[BlackElo "2603"]
[WhiteTeam "Shakhmatnaya sbornaya Moskvy"]
[BlackTeam "Mednyy vsadnik (g. Sankt-Peterburg)"]
[WhiteFideId "4162722"]
[BlackFideId "4104226"]
[EventDate "2022.05.01"]

1. e4 c5 2. Nf3 d6 3. d4 cxd4 4. Nxd4 Nf6 5. Nc3 a6 6. Qd3 h6 7. Be2 e5 8. Nb3
Nc6 9. a3 Be7 10. f4 O-O 11. f5 b5 12. Be3 Bb7 13. Nd5 Nxd5 14. exd5 Nb8 15. Nd2
Nd7 16. Ne4 Nf6 17. Nxf6+ Bxf6 18. Qe4 Qa5+ 19. Kf2 Rfc8 20. c3 Qa4 21. Qxa4
bxa4 22. Rad1 Rcb8 23. Rd2 Bc8 24. g4 Bd7 25. h4 Bd8 26. Bd3 Rb3 27. Kf3 Bb6 28.
g5 Bxe3 29. Kxe3 h5 30. Rhh2 a5 31. Rhf2 Rab8 32. Be4 Rc8 33. Rh2 Rc4 34. Rdf2
Rb7 35. Rf1 Kf8 36. Re1 Ke7 37. Rg1 Kf8 38. Rf1 Rb8 39. Rff2 Rb7 40. Rh1 Rb8 41.
Rhh2 Ke8 42. Kd3 Bb5 43. Ke3 Kd7 44. Bf3 Rh8 45. Rc2 Rc5 46. Rh1 Bc4 47. Rd2 Bb3
48. Rhh2 Kc7 49. Rh1 Kb6 50. Rhh2 1/2-1/2